[Event "AUTO-OPEN-4597"]
[Site "http://www.queenalice.com/game.php?id=1863282"]
[Date "2025.9.21"]
[Round "2"]
[White "WoodpusherKid"]
[Black "rockaudrey"]
[Result "1-0"]
[WhiteElo "2626"]
[BlackElo "2276"]

1. c4 d5 2. cxd5 Qxd5 3. Nf3 Nf6 4. Nc3 Qd8 5. e4 Nc6 6. Bb5 e6 7. d4 a6 8.
Bxc6+ bxc6 9. O-O c5 10. d5 exd5 11. Re1 d4 12. Nd5 c6 13. Qa4 Bd7 14. Nf4 Rb8
15. e5 Nd5 16. e6 fxe6 17. Nxe6 Bxe6 18. Ng5 Qd7 19. Nxe6 Kf7 20. Bf4 Rxb2 21.
Qxa6 Be7 22. Qa3 Nxf4 23. Nxf4 Rb7 24. Qa6 g6 25. Qc4+ Kf6 26. h4 Bd6 27. Qc1
Bxf4 28. Qxf4+ Qf5 29. Qd6+ Kg7 30. Rac1 Rf8 31. f3 Rf6 32. Qxc5 Qxc5 33. Rxc5
Rb2 34. Re7+ Rf7 35. Re1 Rf6 36. Rc4 Rxa2 37. Rd1 Rd6 38. Rdxd4 Rxd4 39. Rxd4
1-0

[Event "AUTO-MASTER-3273"]
[Site "http://www.queenalice.com/game.php?id=1864331"]
[Date "2025.10.16"]
[Round "2"]
[White "JailtonMaster"]
[Black "rockaudrey"]
[Result "0-1"]
[WhiteElo "2199"]
[BlackElo "2297"]

1. d4 Nf6 2. c4 g6 3. Nc3 Bg7 4. e4 d6 5. Bd3 O-O 6. Nge2 c5 7. d5 e6 8. O-O Re8
9. f4 Na6 10. a3 exd5 11. cxd5 Bd7 12. h3 Rc8 13. f5 c4 14. Bb1 Nc5 15. fxg6
hxg6 16. Bg5 Qb6 17. Bxf6 Bxf6 18. Qc2 Be5 19. Ra2 Nxe4+ 20. Kh1 Nf2+ 21. Kg1
Nxh3+ 22. Kh1 Nf2+ 23. Kg1 Kg7 24. Rxf2 Rh8 25. Ne4 f5 26. N4g3 Qe3 27. Qc1
Qxc1+ 28. Nxc1 Bxg3 29. Rf3 f4 30. Rf1 Rh2 0-1

[Event "AUTO-MASTER-3273"]
[Site "http://www.queenalice.com/game.php?id=1864332"]
[Date "2025.10.16"]
[Round "2"]
[White "rockaudrey"]
[Black "JailtonMaster"]
[Result "1-0"]
[WhiteElo "2287"]
[BlackElo "2209"]

1. e4 e5 2. Nf3 Nc6 3. d4 exd4 4. Bc4 Bc5 5. Ng5 Nh6 6. Bxf7+ Nxf7 7. Nxf7 Kxf7
8. Qh5+ g6 9. Qxc5 d6 10. Qc4+ Be6 11. Qd3 Qf6 12. O-O Ne5 13. Qg3 h6 14. Na3 a6
15. f4 Nd7 16. Bd2 Nc5 17. Rae1 Rag8 18. b3 b5 19. c3 Nd7 20. Kh1 c5 21. Qd3 c4
22. bxc4 Nc5 23. Qxd4 Qxd4 24. cxd4 Nd3 25. Re3 bxc4 26. d5 Bd7 27. Nxc4 Nc5 28.
Nxd6+ Kg7 29. Bc3+ 1-0

[Event "Treino 5/2025"]
[Site "http://www.queenalice.com/game.php?id=1865237"]
[Date "2025.11.6"]
[Round "-"]
[White "rockaudrey"]
[Black "MarcosT"]
[Result "1-0"]
[WhiteElo "2306"]
[BlackElo "2055"]

1. e4 e5 2. Nf3 Nf6 3. Nxe5 Nc6 4. Nxc6 dxc6 5. Bc4 Bc5 6. O-O O-O 7. d3 a6 8.
Bg5 Be7 9. a4 Bd7 10. Nc3 b5 11. Bb3 Ng4 12. Bf4 Bd6 13. Qf3 Qf6 14. Bxd6 Qxd6
15. g3 Qh6 16. Qg2 Ne5 17. h4 Bg4 18. f3 Qe3+ 19. Qf2 Nxf3+ 20. Kg2 Qxf2+ 21.
Rxf2 Nd4 22. Ba2 b4 23. Nd1 b3 24. cxb3 Be6 25. b4 Rab8 26. Bxe6 Nxe6 27. Rc2
Nd4 28. Rc4 Nb3 29. Ra3 Nd2 30. Rc2 1-0

[Event "Game 1 - 2026"]
[Site "http://www.queenalice.com/game.php?id=1867603"]
[Date "2026.1.7"]
[Round "-"]
[White "MarcosT"]
[Black "rockaudrey"]
[Result "0-1"]
[WhiteElo "2022"]
[BlackElo "2295"]

1. d4 d5 2. e3 Nf6 3. Nd2 e6 4. Bd3 c5 5. c3 Nc6 6. f4 Qc7 7. Ngf3 cxd4 8. cxd4
Nb4 9. Bb1 Bd7 10. O-O Rc8 11. Nb3 Nc2 12. Bxc2 Qxc2 13. Ne5 Ne4 14. Qxc2 Rxc2
15. Nxd7 Kxd7 16. Rb1 Bd6 17. Na1 Re2 18. a3 Rc8 19. b4 Ra2 20. Nb3 Rcc2 21. Bb2
Raxb2 22. Rxb2 Rxb2 0-1

[Event "Game 2 - 2026"]
[Site "http://www.queenalice.com/game.php?id=1867604"]
[Date "2026.1.7"]
[Round "-"]
[White "rockaudrey"]
[Black "MarcosT"]
[Result "1-0"]
[WhiteElo "2299"]
[BlackElo "2017"]

1. e4 e5 2. d4 exd4 3. c3 c5 4. Nf3 Nc6 5. Bc4 Be7 6. O-O Nf6 7. e5 Ng4 8. cxd4
cxd4 9. Re1 O-O 10. h3 Nh6 11. Bxh6 gxh6 12. Nxd4 Qb6 13. Nf5 d5 14. Qg4+ Bg5
15. Nxh6+ Kh8 16. Qxg5 Ne7 17. Qxe7 Qxh6 18. Bxd5 Be6 19. Nc3 Rae8 20. Qxb7 Bxh3
21. Qc6 Qg7 22. Qf6 Qxf6 23. exf6 1-0

[Event "AUTO-OPEN-4595"]
[Site "http://www.queenalice.com/game.php?id=1868354"]
[Date "2026.1.22"]
[Round "2"]
[White "rockaudrey"]
[Black "MarcosT"]
[Result "1/2-1/2"]
[WhiteElo "2305"]
[BlackElo "2042"]

1. e4 e5 2. Nf3 Nf6 3. Nc3 Bc5 4. d4 exd4 5. Nxd4 d6 6. Bg5 O-O 7. Bc4 Nbd7 8.
O-O Ne5 9. Be2 c6 10. Nb3 Bb6 11. Qd2 h6 12. Bh4 a5 13. a4 Re8 14. Rad1 Bc7 15.
f4 Ng6 16. Bxf6 Qxf6 17. Bd3 Qd8 18. h3 Qh4 19. Qf2 Qe7 20. Kh1 b6 21. Nd4 Bb7
22. Nf5 Qf6 23. Qg3 Bc8 24. Ne3 d5 25. e5 Qh4 26. Qxh4 Nxh4 27. Ne2 f6 28. g3
fxe5 29. fxe5 Bxh3 30. gxh4 Bxf1 31. Rxf1 Rxe5 32. Ng4 Rh5 33. Kg2 Rxh4 34. Ne3
Re8 35. Nf5 Rh2+ 36. Kf3 g6 1/2-1/2

[Event "AUTO-OPEN-4595"]
[Site "http://www.queenalice.com/game.php?id=1868355"]
[Date "2026.1.22"]
[Round "2"]
[White "MarcosT"]
[Black "rockaudrey"]
[Result "0-1"]
[WhiteElo "2012"]
[BlackElo "2303"]

1. d4 d5 2. c4 Nf6 3. Nc3 e6 4. e3 Be7 5. Nf3 O-O 6. c5 a5 7. Be2 b6 8. cxb6
cxb6 9. O-O Ba6 10. Bxa6 Nxa6 11. Re1 Rc8 12. e4 dxe4 13. Nxe4 Nb4 14. Nxf6+
Bxf6 15. Re2 Qc7 16. Be3 Nd5 17. Rc1 Nxe3 18. Rxc7 Nxd1 19. Rxc8 Rxc8 0-1